00481nam a22001577a 450000500170000001000150001702000260003203500140005803700130007208200130008524500710009826000450016927000590021430000270027370000230030020180419111225.0 aENG-122463 a9788171394722c499.00 aEN-105995 bDBAD/PUB a363.7003 aDictionary of environmental science /ced. by Haojam Rocky Singh / aNew DelhibJnanada Prakashan (P&D)c2011 a4837/2, 24, Ansari Road, Daryaganj,bNew Delhie110002 a202p.bill. c21cm(Hb) dHaojam Rocky Singh